Регионална библиотека "Любен Каравелов" - Русе

Albumo de bulgaraj geesperantistoj (Запис номер 38197)

MARC детайли
000 -Лидер
Контролно поле с фиксирана дължина 01145nam a2200349 c 4500
003 - Код на организацията, давaща контролен номер
Контролно поле BLK
005 - Дата и час на последна редакция
Контролно поле 20250122142553.0
008 - Елементи от данни с фиксирана дължина
fixed length control field 180408b bul|||||r ||||||| ||bul||
010 ## - Наследен системен номер
LC control number KNG00041401000
040 ## - Източник на каталожния запис
Идентификатор на билиотеката - собственик на записа BLK
041 ## - Код за език
Код за езика на текст/звукозапис или на отделно заглавие
Код за езика КДБФ Други
072 #7 - Код за тематичната категория
Код организация bullib
Код за тематична категория К
Текст Краезнание
080 ## - УДК
Текстов определител УДК Есперанто
УДК код - определител по УДК 811.922
УДК определител (497.2)
УДК - код + определител 811.922(497.2)
139 ## - Редно поле
Редна дума Albumo de bulgaraj geesperantistoj
Авторски знак Al - A 30
245 10 - Сведения за заглавието
Заглавие Albumo de bulgaraj geesperantistoj
260 ## - Област на издателските данни
-- Ruse
Име на издателя, разпространителя и проч. Dimitr Petrof
Година на издаване 1929
300 ## - Физическа характеристика
Страници 146 c
Илюстрации и др. с портр., к., ил.
Размери/Мащаб 15X23 cm
380 ## - Жанр
Жанр Езикознание. Филология
650 #4 - Допълнително описание по предмет – тема
Основно описание – тема или топоним Есперанто - България - дейци
9 (RLIN) 276042
650 #4 - Допълнително описание по предмет – тема
Основно описание – тема или топоним Есперанто - България - учреждения и организации
9 (RLIN) 271767
651 #4 - Допълнително описание по предмет - топоним
Географско понятие България
9 (RLIN) 241624
653 ## - Ключова дума – ненормативна
Ключова дума есперанто
653 ## - Ключова дума – ненормативна
Ключова дума есперантско движение
653 ## - Ключова дума – ненормативна
Ключова дума дейци
659 ## - Тематичен бюлетин
Тематичен бюлетин К
852 ## - Местоположение
Форматна сигнатура Цб І 26673
856 4# - Електронен адрес и достъп
Електронен формат pdf - файл
Път до файла /url/
856 4# - Електронен адрес и достъп
Електронен формат pdf - файл
Път до файла /url/
942 ## - АРТИКУЛИ
Вид на библиотечния материал Книги
Скрит в OPAC Не
Koha issues (borrowed), all copies 1
944 ## - СЪЗДАВАНЕ И РЕДАКЦИЯ на ЗАПИСА
Създаване/Редакция Създаване
Дата на регистрацията/редакция 15.01.2003
Служител, извършил регистрацията/редакцията 30558
Статус, дата на статуса Валя Йорданова
944 ## - СЪЗДАВАНЕ И РЕДАКЦИЯ на ЗАПИСА
Създаване/Редакция Редакция
Дата на регистрацията/редакция 10.08.2015
Служител, извършил регистрацията/редакцията Валя_Йорданова
999 ## - СИСТЕМНИ КОНТРОЛНИ НОМЕРА
Koha biblionumber 38197
Koha biblioitemnumber 38197
Наличности
Код за отписване Код за изгубен артикул Източник на класификационната схема Код за повреда Коз за рестрикции Код за отдаване Артикулен № Име на библиотеката - собственик Име на библиотеката, в която се намира в момента Статус (Текущо местоположение) Дата на вписване в системата Местоположение - отдел Цена в лева Инвентарен номер Систематично азбучна сигнатура Баркод Номер на екземпляра Цена в евро Служебна бележка Служебен тип на артикула
  Не е изгубен Universal Decimal Classification Не е повреден само за читалня ползва се в читалня 59927 Регионална библиотека "Любен Каравелов" Русе Регионална библиотека "Любен Каравелов" Русе Краезнание 2001-01-01 Краезнание 0.00 594784 K 8/A30 120000594784 1 0.00 Дата: 01.01.2001 Дата инв: 06.11.2017 Бележки инв: К2017 Книги
Vip Innovations Ltd, Rousse, Bulgaria 2025